000 00450cam a22001934a 4500
005 20250605164324.0
008 250528s ||||||||||||||||||||||||d
035 _a22962
020 _a9780201565294
040 _aGR-AtMCL
_bgre
_dGR-AtMCL
_eAACR2
245 1 _aSoftware Engineering
250 _a4
260 _bAddison-Wesley,
_c1992
300 _a649
700 1 _aSommerville Ian
_91932
942 _cBK
999 _c8004
_d8004